[Event "Play for Durgesh Fundraiser Blitz"]
[Site "Vishy Anand Arena"]
[Date "2020.09.19"]
[Round "6"]
[White "Kingofblitz"]
[Black "Swayham"]
[Result "0-1"]
[WhiteElo "1828"]
[BlackElo "2046"]
[Annotator "NA"]
[PlyCount "128"]
[EventDate "2020.09.19"]
[EventType "swiss (blitz)"]

1. c4 e5 2. Nc3 g6 3. g3 Bg7 4. Bg2 Ne7 5. d3 d6 6. e3 Nbc6 7. Nge2 Be6 8. Nd5 O-O 9. a3 a5 10. O-O f5 11. Rb1 Qd7 12. b4 axb4 13. axb4 Bxd5 14. cxd5 Na7 15. d4 Nb5 16. Bb2 Rfd8 17. Qb3 e4 18. Nf4 Kh8 19. f3 exf3 20. Bxf3 Re8 21. Rbe1 c6 22. dxc6 bxc6 23. Rc1 d5 24. Nd3 Nd6 25. Ne5 Qe6 26. Nxc6 Nc4 27. Nxe7 Nd2 28. Qxd5 Qxe3+ 29. Kg2 Nxf3 30. Rxf3 Qxe7 31. b5 Rad8 32. Qc4 Qb7 33. Qc6 Qe7 34. b6 Qb4 35. Rf2 Rb8 36. Bc3 Qb3 37. d5 Bxc3 38. Rxc3 Qxb6 39. d6 Qxc6+ 40. Rxc6 Rbd8 41. Rd2 Rd7 42. Kf3 Red8 43. Kf4 Kg7 44. Rc7 Kf7 45. Rc6 Ra8 46. Rc7 Ra4+ 47. Kg5 Ke6 48. Rxd7 Kxd7 49. Kf6 Ra6 50. Kg7 Rxd6 51. Rxd6+ Kxd6 52. Kxh7 g5 53. Kg6 f4 54. Kxg5 f3 55. h4 f2 56. g4 f1=Q 57. h5 Qc4 58. h6 Qg8+ 59. Kh5 Qh8 60. g5 Ke6 61. g6 Qa8 62. g7 Qh1+ 63. Kg6 Qg2+ 64. Kh7 Qe4+ 0-1

[Event "Play for Durgesh Fundraiser Blitz"]
[Site "Vishy Anand Arena"]
[Date "2020.09.19"]
[Round "6"]
[White "RRaman"]
[Black "Dushu2930"]
[Result "1-0"]
[WhiteElo "1826"]
[BlackElo "2081"]
[Annotator "NA"]
[PlyCount "47"]
[EventDate "2020.09.19"]
[EventType "swiss (blitz)"]

1. d4 d5 2. e3 e6 3. f4 f5 4. Qh5+ g6 5. Qd1 Nf6 6. h4 Be7 7. h5 Nxh5 8. Rxh5 gxh5 9. Qxh5+ Kd7 10. Nf3 Bf6 11. c4 Qe8 12. Qh1 c6 13. Nc3 Kc7 14. Bd2 Bd7 15. cxd5 exd5 16. Rc1 Kd8 17. Ne5 Bxe5 18. dxe5 b6 19. Ne2 Na6 20. Nd4 Nc5 21. Qh6 Qg6 22. Qh4+ Ke8 23. Bb4 Ne4 24. Qe7# 1-0

[Event "Play for Durgesh Fundraiser Blitz"]
[Site "Vishy Anand Arena"]
[Date "2020.09.19"]
[Round "6"]
[White "Varunrambharose"]
[Black "skkeyan"]
[Result "0-1"]
[WhiteElo "1825"]
[BlackElo "2187"]
[PlyCount "86"]
[EventDate "2020.09.19"]
[EventType "swiss (blitz)"]

1. e4 c5 2. Nf3 g6 3. d4 cxd4 4. Qxd4 Nf6 5. e5 Nc6 6. Qa4 Nd5 7. c4 Nb6 8. Qd1 Rb8 9. Nc3 Bg7 10. Bf4 O-O 11. e6 fxe6 12. Bxb8 Nxb8 13. Bd3 d6 14. O-O e5 15. Be2 Nc6 16. Rc1 Bh6 17. Ra1 Be6 18. b3 Nd7 19. Nd5 Bf7 20. Nd2 Nd4 21. Nf3 e6 22. Ne3 Bg7 23. Nc2 Nf5 24. Bd3 Qb6 25. Bxf5 exf5 26. Qd2 h6 27. Rad1 e4 28. Nfd4 Nc5 29. Nb5 d5 30. Nba3 Nd3 31. Ne1 Nxe1 32. Rfxe1 d4 33. Nb5 d3 34. Qe3 Qxe3 35. fxe3 a6 36. Nd6 Bc3 37. c5 Bxe1 38. Rxe1 Bd5 39. Rd1 Kg7 40. Rd2 Kf6 41. b4 Ke6 42. a4 a5 43. bxa5 b6 0-1

[Event "Play for Durgesh Fundraiser Blitz"]
[Site "Vishy Anand Arena"]
[Date "2020.09.19"]
[Round "6"]
[White "Sujay_bm"]
[Black "Tarun Mateti"]
[Result "1-0"]
[WhiteElo "1812"]
[BlackElo "1562"]
[Annotator "NA"]
[PlyCount "51"]
[EventDate "2020.09.19"]
[EventType "swiss (blitz)"]

1. d4 Nf6 2. c4 g6 3. Nc3 d5 4. Nf3 Bg7 5. h4 Bg4 6. Ne5 Be6 7. Qb3 dxc4 8. Qxb7 Nbd7 9. Nb5 O-O 10. Nc6 Qc8 11. Nxe7+ Kh8 12. Nxc8 Rfxc8 13. Qf3 c5 14. Nc7 Rxc7 15. Qxa8+ Nf8 16. Bf4 Rd7 17. dxc5 Bd5 18. Qb8 Ne4 19. Bd6 Kg8 20. e3 Bxb2 21. Qxb2 c3 22. Qb8 Rxd6 23. cxd6 c2 24. d7 Kg7 25. d8=Q Kh8 26. Qxf8# 1-0

[Event "Play for Durgesh Fundraiser Blitz"]
[Site "Vishy Anand Arena"]
[Date "2020.09.19"]
[Round "6"]
[White "Sairam Ramabadra"]
[Black "Hrishikeshrr"]
[Result "1-0"]
[WhiteElo "1810"]
[BlackElo "1715"]
[Annotator "NA"]
[PlyCount "71"]
[EventDate "2020.09.19"]
[EventType "swiss (blitz)"]

1. e4 c5 2. Nf3 d6 3. d4 cxd4 4. Nxd4 Nf6 5. Nc3 g6 6. Be3 Bg7 7. f3 O-O 8. Bc4 Nc6 9. Qd2 Bd7 10. O-O Rc8 11. Bb3 a6 12. a4 Ne5 13. a5 Nc4 14. Bxc4 Rxc4 15. b3 Rc7 16. Na2 Qc8 17. c4 Bc6 18. Nb4 Rd7 19. Nd5 Bxd5 20. cxd5 Rc7 21. Rfc1 Nd7 22. Rxc7 Qxc7 23. Rc1 Qb8 24. Qc2 b5 25. Qc7 Qxc7 26. Rxc7 Nc5 27. Nc6 Nxb3 28. Nxe7+ Kh8 29. Bb6 b4 30. Nc6 Bc3 31. Rd7 Nc5 32. Bxc5 b3 33. Bxd6 b2 34. Rb7 Rg8 35. Be5+ Bxe5 36. Nxe5 1-0

[Event "Play for Durgesh Fundraiser Blitz"]
[Site "Vishy Anand Arena"]
[Date "2020.09.19"]
[Round "6"]
[White "PRANAVAJ"]
[Black "Suryakhanal"]
[Result "1/2-1/2"]
[WhiteElo "1804"]
[BlackElo "1765"]
[Annotator "NA"]
[PlyCount "128"]
[EventDate "2020.09.19"]
[EventType "swiss (blitz)"]

1. e4 c5 2. Nc3 Nc6 3. Bb5 Nd4 4. Nf3 Nxb5 5. Nxb5 a6 6. Nc3 e6 7. d4 cxd4 8. Nxd4 Qc7 9. Be3 Bb4 10. Bd2 Nf6 11. f3 O-O 12. Nb3 b6 13. O-O Bb7 14. a3 Be7 15. Be3 Rac8 16. Qd4 b5 17. Rad1 Rfd8 18. Qd2 d5 19. exd5 Nxd5 20. Nxd5 Rxd5 21. Qf2 Qxc2 22. Qxc2 Rxc2 23. Rxd5 Bxd5 24. Nd4 Rxb2 25. Rc1 Bc4 26. a4 Bc5 27. axb5 axb5 28. Nf5 Bxe3+ 29. Nxe3 Rb4 30. h3 Kf8 31. Kf2 Ke7 32. Ng4 f6 33. Ne3 Rb2+ 34. Kg3 Rb4 35. Nc2 Rb3 36. Nd4 Rd3 37. Nc6+ Kd6 38. Nb4 Rb3 39. Na2 Kc5 40. Nc3 f5 41. Nd1 b4 42. Nf2 Rc3 43. Ra1 b3 44. Nd1 Rc2 45. Rb1 Kb4 46. Ne3 Kc3 47. Nxc2 bxc2 48. Ra1 Kd2 49. Kf4 c1=Q 50. Rxc1 Kxc1 51. Ke5 f4 52. g4 Kd2 53. Kxf4 Bd5 54. h4 Ke2 55. h5 Bxf3 56. g5 h6 57. Ke5 hxg5 58. Kxe6 g4 59. Kf5 g3 60. Kg6 g2 61. Kxg7 g1=Q+ 62. Kh8 Bxh5 63. Kh7 Bf3 64. Kh8 Be4 1/2-1/2

[Event "Play for Durgesh Fundraiser Blitz"]
[Site "Vishy Anand Arena"]
[Date "2020.09.19"]
[Round "6"]
[White "PRANAVAJ"]
[Black "Suryakhanal"]
[Result "1-0"]
[WhiteElo "1801"]
[BlackElo "1767"]
[Annotator "NA"]
[PlyCount "69"]
[EventDate "2020.09.19"]
[EventType "swiss (blitz)"]

1. e4 c5 2. Nc3 Nc6 3. Bb5 Nd4 4. Nf3 Nxb5 5. Nxb5 a6 6. Nc3 e6 7. d4 cxd4 8. Qxd4 Qc7 9. Be3 Ne7 10. Qb6 Qxb6 11. Bxb6 Nc6 12. O-O-O d6 13. Rd3 Be7 14. Bc7 Kd7 15. Bb6 a5 16. Rhd1 Nb4 17. R3d2 Kc6 18. Be3 Rd8 19. a4 Bd7 20. Nb5 Be8 21. c3 Na6 22. Nfd4+ Kd7 23. Nb3 d5 24. exd5 e5 25. d6 Bf6 26. Nc5+ Nxc5 27. Bxc5 Rdc8 28. Be3 Ra6 29. Kb1 b6 30. Nc7 Ra7 31. Bxb6 Rb7 32. Be3 g6 33. Nd5 h6 34. Nxf6+ Ke6 35. d7 1-0

[Event "Play for Durgesh Fundraiser Blitz"]
[Site "Vishy Anand Arena"]
[Date "2020.09.19"]
[Round "6"]
[White "MirageFafnir"]
[Black "Poorvi_2005"]
[Result "1-0"]
[WhiteElo "1800"]
[BlackElo "1779"]
[Annotator "NA"]
[PlyCount "83"]
[EventDate "2020.09.19"]
[EventType "swiss (blitz)"]

1. e4 c5 2. Nf3 Nc6 3. d4 cxd4 4. Nxd4 e6 5. Nb5 d5 6. exd5 exd5 7. Bf4 Qe7+ 8. Qe2 Qxe2+ 9. Bxe2 Be6 10. Nc7+ Kd7 11. Nxa8 Bd6 12. Bxd6 Kxd6 13. Nc3 Nge7 14. Nb5+ Kd7 15. Nac7 a6 16. Nxe6 axb5 17. Nc5+ Kc7 18. O-O-O Re8 19. Rhe1 Ra8 20. Kb1 Nb4 21. a3 Nbc6 22. Bxb5 Kb6 23. Bxc6 Nxc6 24. Rxd5 Ra5 25. Nd7+ Kc7 26. Rxa5 Nxa5 27. Re7 Kd6 28. Rxf7 Nc4 29. Rxg7 h6 30. g4 Ne5 31. Nxe5 Kxe5 32. Rxb7 Kf4 33. Rb6 Kxg4 34. Rxh6 Kf3 35. Rb6 Kxf2 36. Rb3 Kg2 37. h4 Kf2 38. h5 Ke2 39. h6 Kd2 40. h7 Kd1 41. h8=Q Kd2 42. a4 1-0

[Event "Play for Durgesh Fundraiser Blitz"]
[Site "Vishy Anand Arena"]
[Date "2020.09.19"]
[Round "6"]
[White "SHANKHADEEP2006"]
[Black "Abracadabra"]
[Result "1-0"]
[WhiteElo "1799"]
[BlackElo "1534"]
[Annotator "NA"]
[PlyCount "43"]
[EventDate "2020.09.19"]
[EventType "swiss (blitz)"]

1. e4 e5 2. Nf3 Nc6 3. Bc4 Bc5 4. d3 Nf6 5. Nc3 O-O 6. Bg5 h6 7. Bh4 d6 8. h3 Be6 9. g4 Bxc4 10. dxc4 Nd4 11. g5 hxg5 12. Bxg5 Ne6 13. Bh4 Nf4 14. Nd5 N4xd5 15. cxd5 c6 16. dxc6 bxc6 17. c3 d5 18. Rg1 Be7 19. Nxe5 Nxe4 20. Nxc6 Bxh4 21. Nxd8 Nxf2 22. Qh5 1-0

[Event "Play for Durgesh Fundraiser Blitz"]
[Site "Vishy Anand Arena"]
[Date "2020.09.19"]
[Round "6"]
[White "Passedpawnindia"]
[Black "Kingofall"]
[Result "0-1"]
[WhiteElo "1798"]
[BlackElo "1952"]
[Annotator "NA"]
[PlyCount "80"]
[EventDate "2020.09.19"]
[EventType "swiss (blitz)"]

1. d4 d5 2. c4 dxc4 3. Nf3 Nf6 4. e3 e6 5. Bxc4 c5 6. O-O a6 7. a4 Nc6 8. Nc3 Be7 9. Qe2 Qc7 10. d5 exd5 11. Bxd5 O-O 12. h3 Rd8 13. e4 Nd4 14. Qd1 Be6 15. Be3 Bxd5 16. exd5 Nxd5 17. Nxd4 Nxe3 18. fxe3 cxd4 19. exd4 Qb6 20. Kh1 Qxb2 21. Qf3 Bf6 22. Rab1 Qa3 23. Nd5 Qxf3 24. Rxf3 Rxd5 25. Rxb7 Rxd4 26. g4 Rad8 27. Kg2 Rd1 28. g5 R1d2+ 29. Rf2 Bxg5 30. Kf3 Rxf2+ 31. Kxf2 Bf6 32. Kf3 Rf8 33. Kg4 g6 34. h4 Kg7 35. h5 gxh5+ 36. Kxh5 h6 37. Rb6 Re8 38. Rxa6 Re5+ 39. Kg4 Re4+ 40. Kf3 Re6 0-1

[Event "Play for Durgesh Fundraiser Blitz"]
[Site "Vishy Anand Arena"]
[Date "2020.09.19"]
[Round "6"]
[White "anandfan"]
[Black "Toosieslide"]
[Result "0-1"]
[WhiteElo "1793"]
[BlackElo "2033"]
[PlyCount "68"]
[EventDate "2020.09.19"]
[EventType "swiss (blitz)"]

1. d4 d5 2. Nc3 Nf6 3. Bg5 Ne4 4. Nxe4 dxe4 5. e3 c6 6. c3 h6 7. Bf4 g6 8. Qc2 f5 9. h4 Bg7 10. Bc4 e6 11. a4 Na6 12. Qb3 Qe7 13. f3 O-O 14. fxe4 fxe4 15. O-O-O Bd7 16. Qxb7 c5 17. Qxa6 cxd4 18. Bd6 Qf6 19. exd4 Rfc8 20. Bb5 Bxb5 21. axb5 Qf2 22. Nh3 Qe3+ 23. Kb1 Kh7 24. Bf4 Qe2 25. Qxe6 Qxb5 26. h5 g5 27. Qg6+ Kh8 28. Bc1 Rc6 29. Qxe4 Rxc3 30. Rd2 Rac8 31. Nxg5 Rxc1+ 32. Rxc1 Rxc1+ 33. Kxc1 Qf1+ 34. Kc2 Qc4+ 0-1

[Event "Play for Durgesh Fundraiser Blitz"]
[Site "Vishy Anand Arena"]
[Date "2020.09.19"]
[Round "6"]
[White "Sairam Ramabadra"]
[Black "Muralikrishna"]
[Result "1-0"]
[WhiteElo "1792"]
[BlackElo "1809"]
[Annotator "NA"]
[PlyCount "133"]
[EventDate "2020.09.19"]
[EventType "swiss (blitz)"]

1. e4 Nc6 2. Nf3 d6 3. d4 Nf6 4. Nc3 Bg4 5. d5 Ne5 6. Nxe5 Bxd1 7. Bb5+ c6 8. dxc6 dxe5 9. c7+ Qd7 10. Bxd7+ Nxd7 11. Kxd1 Rc8 12. Be3 a6 13. Nd5 e6 14. Nb6 Rxc7 15. Nxd7 Rxd7+ 16. Ke2 Be7 17. Rad1 Bd6 18. c4 Ke7 19. c5 Bc7 20. Rxd7+ Kxd7 21. Rc1 Kc6 22. b4 Rd8 23. a4 f5 24. f3 f4 25. Bf2 g5 26. Rb1 b5 27. axb5+ axb5 28. Ra1 Kb7 29. Rd1 Rxd1 30. Kxd1 h5 31. Kc2 g4 32. Be1 Kc6 33. Bh4 Bb8 34. Bf6 Bc7 35. Kd2 Kd7 36. fxg4 hxg4 37. Ke2 Ke8 38. h3 gxh3 39. gxh3 Kf7 40. Bh4 Kg6 41. Kf3 Kh5 42. Be1 Bd8 43. Bc3 Bc7 44. c6 Kh4 45. Kg2 f3+ 46. Kxf3 Kxh3 47. Be1 Kh2 48. Kg4 Kg1 49. Bg3 Kf1 50. Kg5 Ke2 51. Kf6 Kd3 52. Bxe5 Bxe5+ 53. Kxe5 Kc4 54. c7 Kxb4 55. c8=Q Ka3 56. Qxe6 b4 57. Qa6+ Kb3 58. Qb5 Kc3 59. Kd5 b3 60. Qc4+ Kb2 61. e5 Ka3 62. e6 b2 63. Qc3+ Ka2 64. Qa5+ Kb1 65. Kc4 Kc2 66. Qa4+ Kc1 67. Qa3 1-0

[Event "Play for Durgesh Fundraiser Blitz"]
[Site "Vishy Anand Arena"]
[Date "2020.09.19"]
[Round "6"]
[White "An_2356"]
[Black "Beradia"]
[Result "1-0"]
[WhiteElo "1787"]
[BlackElo "1506"]
[Annotator "NA"]
[PlyCount "53"]
[EventDate "2020.09.19"]
[EventType "swiss (blitz)"]

1. e4 c5 2. Nf3 Nc6 3. Bb5 Qb6 4. Nc3 g6 5. d4 cxd4 6. Bxc6 dxc6 7. Qxd4 Qxd4 8. Nxd4 Bg7 9. Be3 Bd7 10. O-O-O O-O-O 11. Nb3 Nf6 12. Bxa7 Bg4 13. f3 Rxd1+ 14. Rxd1 Bd7 15. Na4 Rd8 16. Bb6 Re8 17. Nbc5 e5 18. Ba5 b5 19. Nb6+ Kb8 20. Nbxd7+ Nxd7 21. Rxd7 Re7 22. Rxe7 Bf8 23. Rb7+ Kc8 24. Rc7+ Kb8 25. Nd7+ Ka8 26. Bb6 Bc5 27. Ra7# 1-0

[Event "Play for Durgesh Fundraiser Blitz"]
[Site "Vishy Anand Arena"]
[Date "2020.09.19"]
[Round "6"]
[White "anandfan"]
[Black "Toosieslide"]
[Result "1/2-1/2"]
[WhiteElo "1787"]
[BlackElo "2040"]
[PlyCount "94"]
[EventDate "2020.09.19"]
[EventType "swiss (blitz)"]

1. d4 d5 2. Nc3 Nf6 3. Bg5 c6 4. e3 Bf5 5. Bd3 Bxd3 6. Qxd3 e6 7. Nf3 Be7 8. O-O-O Nbd7 9. e4 dxe4 10. Nxe4 Nxe4 11. Bxe7 Qxe7 12. Qxe4 O-O-O 13. Kb1 Nf6 14. Qe2 Rd7 15. Ne5 Rd6 16. Nc4 Rd7 17. Ne5 Rd5 18. Rhe1 Rhd8 19. c3 Nd7 20. Nc4 Nb6 21. Nxb6+ axb6 22. f4 Qd7 23. Qe4 Kb8 24. Qxh7 g6 25. Qg7 c5 26. Re5 cxd4 27. Rxd5 Qxd5 28. Rxd4 Qf5+ 29. Kc1 Rxd4 30. Qxd4 Qg4 31. Qd8+ Ka7 32. Qg5 Qe2 33. a4 Qd3 34. a5 f5 35. axb6+ Kxb6 36. Qg3 Qe2 37. Qf3 Qe1+ 38. Kc2 Ka7 39. b4 e5 40. fxe5 Qxe5 41. Qd3 Qxh2 42. Qd4+ Ka8 43. Qd8+ Ka7 44. Qa5+ Kb8 45. Qd8+ Ka7 46. Qa5+ Kb8 47. Qd8+ Ka7 1/2-1/2

[Event "Play for Durgesh Fundraiser Blitz"]
[Site "Vishy Anand Arena"]
[Date "2020.09.19"]
[Round "6"]
[White "COLGATE"]
[Black "Attacker_97"]
[Result "0-1"]
[WhiteElo "1763"]
[BlackElo "2027"]
[Annotator "NA"]
[PlyCount "78"]
[EventDate "2020.09.19"]
[EventType "swiss (blitz)"]

1. e4 c5 2. Nf3 d6 3. d4 cxd4 4. Nxd4 Nf6 5. Nc3 Nc6 6. Bg5 e6 7. Bc4 Be7 8. Bb3 O-O 9. O-O a6 10. a4 Qc7 11. h3 Rd8 12. Kh1 b6 13. f4 Bb7 14. f5 Nxd4 15. Qxd4 e5 16. Qd3 h6 17. Bxf6 Bxf6 18. Bd5 Bg5 19. Bxb7 Qxb7 20. Nd5 Rac8 21. c3 b5 22. axb5 axb5 23. Qg3 Rc4 24. Rae1 Kh7 25. f6 g6 26. h4 Bxh4 27. Qxh4 Qxd5 28. Re3 Qd2 29. Rff3 h5 30. Rh3 d5 31. Qg5 Qd1+ 32. Kh2 Rxe4 33. Reg3 Re1 34. Rf3 Rh1+ 35. Kg3 Rxh3+ 36. gxh3 Qg1+ 37. Kh4 Qxg5+ 38. Kxg5 d4 39. Re3 dxe3 0-1

[Event "Play for Durgesh Fundraiser Blitz"]
[Site "Vishy Anand Arena"]
[Date "2020.09.19"]
[Round "6"]
[White "grandmaster1361"]
[Black "Harry Grieve"]
[Result "0-1"]
[WhiteElo "1763"]
[BlackElo "1984"]
[Annotator "NA"]
[PlyCount "72"]
[EventDate "2020.09.19"]
[EventType "swiss (blitz)"]

1. e4 c5 2. Nf3 e6 3. d4 cxd4 4. Nxd4 Nc6 5. Nc3 Qc7 6. Nxc6 bxc6 7. Bd3 d5 8. exd5 cxd5 9. O-O Nf6 10. Qf3 Be7 11. Bf4 Qb6 12. b3 O-O 13. Na4 Qd8 14. Rfe1 Bd7 15. Nc3 Qa5 16. Bd2 Rac8 17. Nb1 Qc7 18. Nc3 Bb4 19. Nb5 Bxb5 20. Bxb4 Bxd3 21. Bxf8 Be4 22. Bd6 Qxd6 23. Qg3 Qxg3 24. hxg3 Rxc2 25. Rec1 d4 26. f3 Bg6 27. Rxc2 Bxc2 28. Kf2 Nd5 29. f4 d3 30. Ke1 Kf8 31. a4 Nc3 32. b4 Ne4 33. b5 d2+ 34. Ke2 d1=Q+ 35. Rxd1 Bxd1+ 36. Ke3 Nc3 0-1

[Event "Play for Durgesh Fundraiser Blitz"]
[Site "Vishy Anand Arena"]
[Date "2020.09.19"]
[Round "6"]
[White "Sohammdh"]
[Black "Nihelesh"]
[Result "0-1"]
[WhiteElo "1762"]
[BlackElo "1854"]
[Annotator "NA"]
[PlyCount "44"]
[EventDate "2020.09.19"]
[EventType "swiss (blitz)"]

1. e4 e6 2. d4 d5 3. e5 c5 4. Nf3 Nc6 5. c3 Qb6 6. Bd3 Bd7 7. O-O cxd4 8. cxd4 Nxd4 9. Nc3 Nxf3+ 10. Qxf3 a6 11. Be3 d4 12. Bxd4 Qxd4 13. Rad1 Qa7 14. Be4 Rb8 15. Rxd7 Kxd7 16. Qxf7+ Ne7 17. Rd1+ Kc7 18. Qxe6 Rd8 19. Qc4+ Nc6 20. Qf7+ Kb8 21. Rxd8+ Nxd8 22. Nd5 Nxf7 0-1

[Event "Play for Durgesh Fundraiser Blitz"]
[Site "Vishy Anand Arena"]
[Date "2020.09.19"]
[Round "6"]
[White "Ashutosh Agrawal"]
[Black "Sragvidhanvi"]
[Result "0-1"]
[WhiteElo "1759"]
[BlackElo "1625"]
[Annotator "NA"]
[PlyCount "66"]
[EventDate "2020.09.19"]
[EventType "swiss (blitz)"]

1. e4 c6 2. d4 d5 3. exd5 cxd5 4. c3 Nf6 5. Nf3 Bf5 6. Be2 e6 7. O-O Bd6 8. Bd3 Bg6 9. Nbd2 Bxd3 10. Re1 Bg6 11. Nb3 Nc6 12. Bg5 h6 13. Be3 O-O 14. h3 a6 15. Qd2 b5 16. Nc1 Na5 17. b3 Rc8 18. Ne2 Ne4 19. Qb2 Qc7 20. Rac1 Nc6 21. Rc2 Qb7 22. Rcc1 Rc7 23. Qa1 Rfc8 24. c4 bxc4 25. bxc4 dxc4 26. Rxc4 Na5 27. Ra4 Nc4 28. Rb1 Qa7 29. Nc3 Nxe3 30. fxe3 Rxc3 31. Rbb4 Rc1+ 32. Qxc1 Rxc1+ 33. Ne1 Rxe1# 0-1

[Event "Play for Durgesh Fundraiser Blitz"]
[Site "Vishy Anand Arena"]
[Date "2020.09.19"]
[Round "6"]
[White "COLGATE"]
[Black "Attacker_97"]
[Result "1-0"]
[WhiteElo "1757"]
[BlackElo "2033"]
[Annotator "NA"]
[PlyCount "51"]
[EventDate "2020.09.19"]
[EventType "swiss (blitz)"]

1. e4 c5 2. Nf3 Nc6 3. d4 cxd4 4. Nxd4 Nf6 5. Nc3 d6 6. Bg5 e6 7. Bc4 Qb6 8. Nxc6 bxc6 9. Bb3 Be7 10. O-O O-O 11. Qf3 Qc5 12. Be3 Qa5 13. Rad1 d5 14. h3 Ba6 15. Rfe1 Nd7 16. exd5 cxd5 17. Bd4 Bf6 18. Bxf6 Nxf6 19. Qg3 Rac8 20. h4 Qc7 21. Qf3 Bc4 22. h5 h6 23. Rd4 Bxb3 24. axb3 Nd7 25. Rg4 Nf6 26. Qxf6 1-0

[Event "Play for Durgesh Fundraiser Blitz"]
[Site "Vishy Anand Arena"]
[Date "2020.09.19"]
[Round "6"]
[White "Avichaljadeja02"]
[Black "amurali"]
[Result "0-1"]
[WhiteElo "1745"]
[BlackElo "1590"]
[Annotator "NA"]
[PlyCount "66"]
[EventDate "2020.09.19"]
[EventType "swiss (blitz)"]

1. e4 c5 2. Nf3 a6 3. c4 e6 4. d4 Qc7 5. Nc3 cxd4 6. Nxd4 Nf6 7. Be3 b6 8. Be2 Bb7 9. f3 d6 10. O-O Nbd7 11. Rc1 Be7 12. Qe1 O-O 13. Qg3 g6 14. Bd3 Rac8 15. f4 Qb8 16. f5 exf5 17. Nxf5 Bd8 18. Bh6 Ne5 19. Bxf8 Kxf8 20. Nd4 Qc7 21. Nd5 Bxd5 22. exd5 b5 23. b3 Qb6 24. Qe3 Nfg4 25. Qe4 f5 26. h3 Kg8 27. Qf4 Nxd3 28. Rcd1 Nxf4 29. Rxf4 Bg5 30. Rxg4 fxg4 31. hxg4 Be3+ 32. Kh2 Bxd4 33. Re1 Be5+ 0-1

[Event "Play for Durgesh Fundraiser Blitz"]
[Site "Vishy Anand Arena"]
[Date "2020.09.19"]
[Round "6"]
[White "kaushikr98"]
[Black "Ccc2016"]
[Result "0-1"]
[WhiteElo "1741"]
[BlackElo "1962"]
[Annotator "NA"]
[PlyCount "64"]
[EventDate "2020.09.19"]
[EventType "swiss (blitz)"]

1. e4 c5 2. Nf3 d6 3. Bb5+ Bd7 4. Bxd7+ Qxd7 5. O-O Nc6 6. Qe2 e6 7. Rd1 Nf6 8. d4 cxd4 9. Nxd4 Be7 10. Nc3 O-O 11. Bg5 a6 12. a4 Rac8 13. a5 Ne5 14. Na4 Qc7 15. Nb6 Rcd8 16. c3 h6 17. Bh4 d5 18. Bxf6 Bxf6 19. exd5 exd5 20. h3 Nc4 21. Nxc4 dxc4 22. Nf5 Rxd1+ 23. Rxd1 Qxa5 24. Qg4 Kh7 25. Rd7 Qb5 26. Ng3 Qxb2 27. Qf5+ Kg8 28. Nh5 Qxc3 29. Rd6 Qa1+ 30. Kh2 Qe5+ 31. Qf4 Qxf4+ 32. Nxf4 Be5 0-1

[Event "Play for Durgesh Fundraiser Blitz"]
[Site "Vishy Anand Arena"]
[Date "2020.09.19"]
[Round "6"]
[White "Aniketmohapatra"]
[Black "Prashanth_k01"]
[Result "1-0"]
[WhiteElo "1740"]
[BlackElo "1445"]
[Annotator "NA"]
[PlyCount "37"]
[EventDate "2020.09.19"]
[EventType "swiss (blitz)"]

1. d4 Nf6 2. c4 e6 3. Nf3 d5 4. e3 Be7 5. Nc3 O-O 6. b3 c6 7. Bb2 Nbd7 8. Bd3 Re8 9. O-O Qc7 10. Rc1 e5 11. dxe5 Nxe5 12. Nxe5 Qxe5 13. cxd5 Nxd5 14. Nxd5 Qxb2 15. Nc7 Bd6 16. Nxe8 Qe5 17. Nxd6 Qxd6 18. Bxh7+ Kxh7 19. Qxd6 1-0

[Event "Play for Durgesh Fundraiser Blitz"]
[Site "Vishy Anand Arena"]
[Date "2020.09.19"]
[Round "6"]
[White "Sohammdh"]
[Black "Neevptl"]
[Result "1-0"]
[WhiteElo "1736"]
[BlackElo "1941"]
[Annotator "NA"]
[PlyCount "77"]
[EventDate "2020.09.19"]
[EventType "swiss (blitz)"]

1. e4 c5 2. Nf3 Nc6 3. Bb5 g6 4. O-O Bg7 5. c3 Nf6 6. Re1 O-O 7. d4 cxd4 8. cxd4 d5 9. e5 Ne4 10. Nc3 Nxc3 11. bxc3 e6 12. Bg5 Qc7 13. Rc1 a6 14. Ba4 b5 15. Bc2 Na5 16. Bd3 Nc4 17. Bxc4 bxc4 18. Rb1 Bb7 19. Bc1 Bc6 20. Ba3 Rfc8 21. Bd6 Qd7 22. Qd2 h6 23. Qf4 Kh7 24. h4 Bf8 25. Re3 Rd8 26. Bxf8 Rxf8 27. Nh2 h5 28. g4 Rg8 29. Nf3 Qe7 30. Ng5+ Kg7 31. gxh5 gxh5 32. Rg3 Kf8 33. Nh7+ Ke8 34. Rxg8+ Kd7 35. Nf6+ Kc7 36. Rxa8 Bxa8 37. Qd2 Bc6 38. Qb2 Bb5 39. a4 1-0

[Event "Play for Durgesh Fundraiser Blitz"]
[Site "Vishy Anand Arena"]
[Date "2020.09.19"]
[Round "6"]
[White "mightyqueen"]
[Black "Aarav810"]
[Result "1-0"]
[WhiteElo "1734"]
[BlackElo "1617"]
[Annotator "NA"]
[PlyCount "81"]
[EventDate "2020.09.19"]
[EventType "swiss (blitz)"]

1. d4 Nf6 2. Bf4 e6 3. e3 d5 4. Nf3 Bd6 5. Bg3 Nbd7 6. Nbd2 Bxg3 7. hxg3 b6 8. Bd3 Bb7 9. c3 c5 10. dxc5 Nxc5 11. Bb5+ Nfd7 12. b4 Na6 13. Ne5 Bc8 14. Qa4 Nab8 15. Ndf3 a6 16. Bxd7+ Nxd7 17. Nc6 Qc7 18. b5 axb5 19. Qxa8 O-O 20. Ne7+ Kh8 21. Qa3 Nc5 22. Nxc8 Rxc8 23. O-O Ne4 24. Nd4 Nxc3 25. Rac1 e5 26. Nxb5 Ne2+ 27. Kh2 Qd8 28. Rxc8 Qxc8 29. Nd6 Qe6 30. Nf5 Qe8 31. Nd6 Qf8 32. Qa7 g5 33. Nxf7+ Kg8 34. Nxg5 Qh6+ 35. Nh3 Qf8 36. Qxb6 Kh8 37. Qe6 Nf4 38. exf4 exf4 39. Nxf4 Qb8 40. Rh1 Qf8 41. Qe5+ 1-0

[Event "Play for Durgesh Fundraiser Blitz"]
[Site "Vishy Anand Arena"]
[Date "2020.09.19"]
[Round "6"]
[White "vaca100"]
[Black "Namitbir Singh"]
[Result "1-0"]
[WhiteElo "1728"]
[BlackElo "1871"]
[Annotator "NA"]
[PlyCount "93"]
[EventDate "2020.09.19"]
[EventType "swiss (blitz)"]

1. e4 e5 2. Nf3 Nc6 3. d4 exd4 4. Nxd4 Nf6 5. Nxc6 bxc6 6. Nc3 d5 7. exd5 cxd5 8. Bd3 Bd6 9. O-O O-O 10. h3 h6 11. Qf3 c6 12. Ne2 Rb8 13. Ng3 Re8 14. Nf5 Bc7 15. Nxh6+ gxh6 16. Bxh6 Rb4 17. Bg5 Qd6 18. g3 Ne4 19. Qh5 Nxg5 20. Qxg5+ Kf8 21. Rae1 Rxe1 22. Rxe1 Be6 23. Qh6+ Ke7 24. c3 Rxb2 25. Bf5 Rxf2 26. Qh4+ Kd7 27. Bxe6+ fxe6 28. Kxf2 Bb6+ 29. Kg2 Qc5 30. Qf4 Qxc3 31. Rf1 Qc2+ 32. Kh1 Qxa2 33. h4 Kc8 34. h5 Qe2 35. h6 Bc7 36. Qf8+ Kb7 37. Qf7 Qe4+ 38. Qf3 Qg6 39. Kg2 Qxh6 40. Rd1 Kc8 41. Qd3 Kd7 42. Rb1 Qg7 43. Qf3 Qe5 44. Rf1 Kd6 45. Rf2 c5 46. Qf4 c4 47. Qxe5+ 1-0

[Event "Play for Durgesh Fundraiser Blitz"]
[Site "Vishy Anand Arena"]
[Date "2020.09.19"]
[Round "6"]
[White "Vaca100"]
[Black "Deer"]
[Result "1-0"]
[WhiteElo "1717"]
[BlackElo "1579"]
[Annotator "NA"]
[PlyCount "56"]
[EventDate "2020.09.19"]
[EventType "swiss (blitz)"]

1. e4 c5 2. Nc3 d6 3. f4 Nc6 4. Nf3 Nf6 5. Bc4 e6 6. O-O Be7 7. Kh1 Kf8 8. d4 cxd4 9. Nxd4 Nxd4 10. Qxd4 a6 11. Rd1 b5 12. Be2 Bb7 13. Be3 Rc8 14. Bf2 Rc4 15. Bxc4 bxc4 16. Qxc4 Qc8 17. Qxc8+ Bxc8 18. e5 dxe5 19. fxe5 Nd7 20. Bg3 h5 21. h3 h4 22. Bh2 g5 23. Rd2 Kg7 24. Rad1 Rd8 25. Ne4 Bb7 26. Rxd7 Rxd7 27. Rxd7 Bxe4 28. Rxe7 Bxc2 1-0